Amfiteáter Detva

Salvato in:
Dettagli Bibliografici
Autore principale: Petrek, Radoslav (Autore)
Altri autori: Varga, Tibor (Relatore della tesi)
Natura: Manoscritto Libro
Lingua:slovacco
Pubblicazione: Bratislava 2020
Soggetti:
Accesso online:http://is.stuba.sk/zp/portal_zp.pl?podrobnosti=153493
Tags: Aggiungi Tag
Nessun Tag, puoi essere il primo ad aggiungerne!!

MARC

LEADER 00000ntm a22000003a 4500
001 stuzp79057
003 SK-STU
005 20200813073252.9
007 ta
008 150427s2015----xo-----f-mn---000-0-slo-d
040 |a STU  |b slo 
041 0 |a slo 
100 1 |a Petrek, Radoslav  |u 052120  |4 aut  |U FAD Fakulta architektúry  |T FA Ústav ekologickej a experimentálnej architektúry  |X 77096  |U A2120  |Y 393  |7 77096 
242 0 1 |a Amphitheater in Detva  |y eng 
245 1 0 |a Amfiteáter Detva 
260 |c 2020  |a Bratislava 
650 4 |a ľudová tvorba  |2 slo 
650 4 |a amfiteáter  |2 slo 
650 4 |a prírodné materiály  |2 slo 
650 4 |a wood  |2 eng 
650 4 |a art  |2 eng 
650 4 |a amphtheater  |2 eng 
700 1 |a Varga, Tibor  |u 052120  |k Z1  |4 ths  |U FAD Fakulta architektúry  |T FA Ústav ekologickej a experimentálnej architektúry  |X 337  |U A2120  |Y 393  |7 A000000337 
856 4 |u http://is.stuba.sk/zp/portal_zp.pl?podrobnosti=153493  |u https://opac.crzp.sk/?fn=detailBiblioForm&sid=2DE4D0DBB221E90D118CF8BEC259